| 000 | 01540nam a2200349 i 4500 | ||
|---|---|---|---|
| 001 | 186734 | ||
| 003 | SpMaBN | ||
| 005 | 20250905141803.0 | ||
| 007 | t| | ||
| 008 | 170210s2015 sp ac |||| |dglg | ||
| 020 | _a978-84-9752-135-2 | ||
| 080 | _a821.134.2 Said Armesto, Víctor 1.07 | ||
| 080 | _a929 Said Armesto, Víctor | ||
| 245 | 0 | 0 |
_aVíctor Said Armesto e o seu tempo: perspectivas críticas / _cCarlos Villanueva, Justo Beramendi, Carlos García Martínez e Margarita Santos Zas (editores). |
| 260 |
_a[A Coruña] : _bFundación Barrié : _bMuseo do Pobo Galego ; _a[Pontevedra] : _bDeputación de Pontevedra, _c2015. |
||
| 300 |
_a671 p. : _bil., retr. ; _c24 cm. |
||
| 500 | _aÍndice onomástico. | ||
| 504 | _aReferencias bibliográficas. | ||
| 505 | 8 | _aContiene referencias al Ateneo (p. ej., en solapa: "... a biblioteca do Ateneo... directivo da tribuna literaria do Ateneo") | |
| 546 | _aTextos en gallego y castellano. | ||
| 600 | 1 | 4 |
_aSaid Armesto, Víctor, _d1871-1914 _9101488 |
| 700 | 1 |
_aVillanueva, Carlos, _d1949- _9115016 |
|
| 700 | 1 |
_aBeramendi, Justo G. _927820 |
|
| 700 | 1 |
_aSantos Zas, Margarita. _9153564 |
|
| 710 | 2 |
_aFundación Pedro Barrié de la Maza, Conde de Fenosa _9176439 |
|
| 710 | 2 |
_aMuseo do Pobo Galego. _95874 |
|
| 852 |
_aES-MaACL _jA-14017 _9 193791 _bR.151343 _cDEPO1 _dOlim: N-7017 _hDonación: Real Academia Española |
||
| 914 |
_96336 _aReal Academia Española _ednr |
||
| 942 |
_2udc _cMONOGRAFIA |
||
| 999 |
_c186734 _d186734 |
||